Compendio de química coloidal /
Guardado en:
| Autor Principal: | |
|---|---|
| Otros Autores: | |
| Formato: | Libro |
| Idioma: | Spanish |
| Publicado: |
México :
Continental,
1965.
|
| Etiquetas: |
Agregar Etiqueta
Sin Etiquetas, Sea el primero en etiquetar este registro!
|
| LEADER | 00496nam a22001575a 4500 | ||
|---|---|---|---|
| 001 | EUN.um030413 | ||
| 003 | AR-BaUNS | ||
| 005 | 20050623122905.0 | ||
| 008 | 041125s1965####mx#a##########000#0#spa#d | ||
| 245 | 1 | 0 | |a Compendio de química coloidal / |c Bruno Jirgensons, M.E. Straumanis. |
| 260 | |a México : |b Continental, |c 1965. | ||
| 300 | |a 610 p. : |b ilus. ; |c 23 cm. | ||
| 100 | 1 | |a Jirgensons, Bruno. | |
| 700 | 1 | |a Straumanis, M.E. | |
| 082 | 0 | 4 | |a 541.375 |
| 859 | |a Ar-BaUNS |b BIB. CENTRAL - Sector A |h 541.375 |i J566 |p 80139/978 | ||
